00395nam a2200157Ia 4500008004100000020001800041082001300059100002000072245003300092250000800125260002700133300001200160500002500172650001500197700002500212230524s9999 xx 000 0 und d a9780521670425 a537bGUR aBhag Singh Guru 0aElectromagnetic Field Theory a3RD aNEW DELHIbVikasc2005 aXVI;596 aQuantity Number: 84 aElectrical a Huseyin R.Hiziroglu